Sociology of work at the crossroads /
Zapisane w:
| 1. autor: | |
|---|---|
| Format: | Texto |
| Etykiety: |
Dodaj etykietę
Nie ma etykietki, Dołącz pierwszą etykiete!
|
MARC
| LEADER | 00000 a a2200000 04500 | ||
|---|---|---|---|
| 001 | 48675 | ||
| 003 | |||
| 040 | |||
| 100 | |a Castillo, Juan José | ||
| 245 | |a Sociology of work at the crossroads / |c Juan José Castillo | ||
| 773 | |g volumen 47, número 2, (1999), páginas 21-46 | ||
| 999 | |c 27122 |d 27122 | ||
